Manual Prt̀ico Das Aė̳s Imobilir̀ias Teoria e prt̀ica /

Bibliographic Details
Main Author: Pereira Junqueira, Gabriel Još
Format: eBook
Language:Portuguese
Published: San Pablo: Editora Mundo Jurd̕ico, 2016
Subjects:
Online Access:Acceso restringido

MARC

LEADER 00000nam a22000007a 4500
005 2019091004314.0
007 cr|||| ||||
008 190910s2016 br |||||s|||| 00||0 por d
020 |a 978-85-8085-085-7 
035 |a 30216 
040 |a vLex 
090 |c 9448  |d 9448 
100 1 |a Pereira Junqueira, Gabriel Još 
245 1 0 |a Manual Prt̀ico Das Aė̳s Imobilir̀ias  |h [Recurso electrn̤ico] :  |b Teoria e prt̀ica /  |c Gabriel Jos ̌Pereira Junqueira 
256 |a Servicio en ln̕ea 
260 |a San Pablo:  |b Editora Mundo Jurd̕ico,  |c 2016 
300 |a 1 recurso electrn̤ico 
500 |a A realizaȯ̂ deste trabalho tem por finalidade enfocar a matřia do direito real imobilir̀io no campo jurd̕ico e suas negociaė̳s, infelizmente de escassa divulgaȯ̂ no campo doutrinr̀io e prt̀ico. 
506 1 |a Disponible solo en los productos indicados  |d vLex Global  |d vLex Global (Academic Edition, excluding Law Schools)  |d vLex Global (U.S. Academic Edition, Law Schools)  |d vLex Global (U.S. Academic Edition, excluding Law Schools)  |d vLex Global (Academic Edition, Law Schools) 
650 0 4 |a Derecho Pb︢lico y Administrativo  |z Brasil 
740 0 |a vLex Libros (Servicio en ln̕ea) 
856 4 0 |u http://vlex.com/source/manual-pratico-das-a-es-imobiliarias-teoria-e-pratica-30216  |z Acceso restringido 
942 |c BOOK 
999 0 |a Public and Administrative Law